[Event "Budapest op 3rd"]
[Site "Budapest"]
[Date "2013.08.25"]
[Round "9"]
[White "Peczeli, Zoltan"]
[Black "Csabai, Viktor"]
[Result "0-1"]
[WhiteElo "2036"]
[BlackElo "2034"]
[PlyCount "46"]
[EventDate "2013.08.17"]
[EventType "swiss"]
[EventRounds "9"]
[EventCountry "HUN"]
[SourceTitle "CBM 156 Extra"]
[Source "ChessBase"]
[SourceDate "2013.10.22"]
[SourceVersion "1"]
[SourceVersionDate "2013.10.22"]
[SourceQuality "1"]

1. d4 d5 2. c4 c6 3. e3 Nf6 4. Nc3 Bf5 5. Nf3 e6 6. Nh4 Bg6 7. Nxg6 hxg6 8. Bd3 Bd6 9. h3 Nbd7 10. Bd2 Qe7 11. Qb3 Rb8 12. 0-0 g5 13. f3 g4 14. fxg4 Nxg4 15. Rf3 Nh2 16. Rf2 Bg3 17. Re2 Qh4 18. cxd5 Ng4 19. Be1 Bxe1 20. Raxe1 Qg3 21. hxg4 Nf6 22. dxe6 Nxg4 23. exf7+ Kd8 0-1

[Event "Budapest op 3rd"]
[Site "Budapest"]
[Date "2013.08.19"]
[Round "3"]
[White "Bartuszek, Andras"]
[Black "Csabai, Viktor"]
[Result "0-1"]
[WhiteElo "1844"]
[BlackElo "2034"]
[PlyCount "68"]
[EventDate "2013.08.17"]
[EventType "swiss"]
[EventRounds "9"]
[EventCountry "HUN"]
[SourceTitle "CBM 156 Extra"]
[Source "ChessBase"]
[SourceDate "2013.10.22"]
[SourceVersion "1"]
[SourceVersionDate "2013.10.22"]
[SourceQuality "1"]

1. e4 d6 2. d4 g6 3. Bc4 Bg7 4. Be3 c6 5. Qd2 b5 6. Bb3 Nd7 7. a4 Qc7 8. axb5 cxb5 9. Nc3 Qb8 10. Nge2 a6 11. Nd5 e6 12. Nb4 Bb7 13. f3 Qc7 14. c3 Nb6 15. 0-0 Nc4 16. Bxc4 Qxc4 17. Ra3 Nf6 18. Rfa1 Qc8 19. Bh6 0-0 20. Bxg7 Kxg7 21. Ng3 Nd7 22. d5 e5 23. Qg5 f6 24. Qg4 Nb6 25. Nf5+ Kh8 26. Nxd6 Qc5+ 27. Kh1 Qxd6 28. Nxa6 Nc4 29. Qe6 Qxe6 30. dxe6 Nxa3 31. Nc5 Nc4 32. Rb1 Bc6 33. b3 Nd6 34. h4 Nb7 0-1

[Event "Budapest op 3rd"]
[Site "Budapest"]
[Date "2013.08.18"]
[Round "2"]
[White "Csabai, Viktor"]
[Black "Erdos, Boglarka"]
[Result "0-1"]
[WhiteElo "2034"]
[BlackElo "2189"]
[PlyCount "56"]
[EventDate "2013.08.17"]
[EventType "swiss"]
[EventRounds "9"]
[EventCountry "HUN"]
[SourceTitle "CBM 156 Extra"]
[Source "ChessBase"]
[SourceDate "2013.10.22"]
[SourceVersion "1"]
[SourceVersionDate "2013.10.22"]
[SourceQuality "1"]

1. Nf3 d5 2. g3 Nf6 3. Bg2 c6 4. c4 Bf5 5. cxd5 cxd5 6. Qb3 Qc7 7. Nc3 e6 8. d3 Nc6 9. Bf4 Qd7 10. 0-0 Be7 11. Ne5 Nxe5 12. Bxe5 0-0 13. e4 dxe4 14. dxe4 Bg4 15. h3 Bh5 16. g4 Bg6 17. Rad1 Qc6 18. Bxf6 gxf6 19. e5 Qc5 20. Rd7 fxe5 21. Qxb7 Bh4 22. Ne4 Qc2 23. Nd6 Rab8 24. Qc7 Qxc7 25. Rxc7 Rxb2 26. Rxa7 Bd3 27. Rc1 Bxf2+ 28. Kh1 Bxa7 0-1

[Event "Budapest-chT1 Lilienthal 1213"]
[Site "Budapest"]
[Date "2013.02.24"]
[Round "8"]
[White "Csabai, Viktor"]
[Black "Grimm, Daniel"]
[Result "0-1"]
[WhiteElo "2022"]
[BlackElo "2151"]
[PlyCount "66"]
[EventDate "2012.09.30"]
[EventType "team-tourn"]
[EventRounds "11"]
[EventCountry "HUN"]
[SourceTitle "EXT 2019"]
[Source "ChessBase"]
[SourceDate "2018.10.10"]
[SourceVersion "1"]
[SourceVersionDate "2018.10.10"]
[SourceQuality "1"]
[WhiteTeam "Budapest SENSE"]
[BlackTeam "Barcza GSC"]
[WhiteTeamCountry "HUN"]
[BlackTeamCountry "HUN"]

1. e4 Nf6 2. Nc3 d5 3. exd5 Nxd5 4. Bc4 Nb6 5. Bb3 c5 6. d3 Nc6 7. Qh5 e6 8. Nf3 g6 9. Qg5 f6 10. Qh4 Na5 11. Ne4 Be7 12. Qh6 Nxb3 13. axb3 Bf8 14. Qh4 Nd7 15. Bh6 Qe7 16. 0-0 Bxh6 17. Qxh6 e5 18. b4 cxb4 19. d4 Qf8 20. Qe3 f5 21. Nc5 e4 22. Nxe4 fxe4 23. Qxe4+ Qe7 24. Qf4 Qf6 25. Rfe1+ Kd8 26. Qe4 a5 27. Qd5 Ra6 28. Ne5 Kc7 29. Rxa5 Rxa5 30. Qxa5+ Kb8 31. Qxb4 Nxe5 32. Rxe5 Rd8 33. c3 Qxe5 0-1

[Event "Budapest Karacsonyi op 4th"]
[Site "Budapest"]
[Date "2012.12.30"]
[Round "7"]
[White "Csabai, Viktor"]
[Black "Gubics, Peter"]
[Result "0-1"]
[WhiteElo "2024"]
[BlackElo "2127"]
[PlyCount "118"]
[EventDate "2012.12.27"]
[EventType "swiss"]
[EventRounds "7"]
[EventCountry "HUN"]
[SourceTitle "EXT 2014"]
[Source "ChessBase"]
[SourceDate "2013.11.20"]
[SourceVersion "1"]
[SourceVersionDate "2013.11.20"]
[SourceQuality "1"]

1. e4 e6 2. d3 d5 3. Qe2 Nf6 4. Nf3 Nc6 5. c3 dxe4 6. dxe4 e5 7. Qc2 Bg4 8. Nbd2 Be7 9. Bb5 Nd7 10. h3 Be6 11. 0-0 0-0 12. Rd1 Qe8 13. Bc4 Bf6 14. Bxe6 Qxe6 15. Qb3 Nc5 16. Qxe6 Nxe6 17. Nb3 Rfd8 18. Be3 b6 19. g3 h6 20. Kf1 a5 21. a4 Kf8 22. Ke2 Ke8 23. Rab1 g5 24. Ne1 Be7 25. Nc2 Rxd1 26. Rxd1 Rd8 27. Rd5 Bd6 28. f3 Ne7 29. Rd1 Ng6 30. Bf2 f6 31. Ne3 Nc5 32. Nxc5 Bxc5 33. Rxd8+ Kxd8 34. Nf5 Bxf2 35. Kxf2 h5 36. h4 gxh4 37. gxh4 Kd7 38. Kg3 Nf4 39. Ne3 Nd3 40. Nd1 Kc6 41. Kg2 Nc5 42. Kg3 Nxa4 43. f4 Nc5 44. Kf3 b5 45. Ke3 Ne6 46. fxe5 fxe5 47. Kf3 Nf4 48. Ne3 Kd6 49. Nf5+ Ke6 50. Ng7+ Kf7 51. Nf5 Nd3 52. b3 a4 53. bxa4 bxa4 54. Ne3 a3 55. Nc2 a2 56. Ke3 Ne1 57. Na1 Ng2+ 58. Kf3 Nxh4+ 59. Kg3 Ng6 0-1

[Event "Budapest Karacsonyi op 4th"]
[Site "Budapest"]
[Date "2012.12.29"]
[Round "4"]
[White "Krstulovic, Alex"]
[Black "Csabai, Viktor"]
[Result "1/2-1/2"]
[WhiteElo "1845"]
[BlackElo "2024"]
[PlyCount "98"]
[EventDate "2012.12.27"]
[EventType "swiss"]
[EventRounds "7"]
[EventCountry "HUN"]
[SourceTitle "EXT 2014"]
[Source "ChessBase"]
[SourceDate "2013.11.20"]
[SourceVersion "1"]
[SourceVersionDate "2013.11.20"]
[SourceQuality "1"]

1. d4 d5 2. c4 c6 3. Nf3 Nf6 4. Nc3 a6 5. c5 b6 6. cxb6 Qxb6 7. Na4 Qc7 8. g3 e6 9. Bf4 Bd6 10. Bxd6 Qxd6 11. a3 Nbd7 12. Rc1 0-0 13. Qc2 Bb7 14. Bh3 Rab8 15. 0-0 Rfe8 16. Qc3 Ne4 17. Qa5 f6 18. Rfd1 h5 19. Nc5 Ndxc5 20. dxc5 Qd8 21. Qxd8 Rbxd8 22. Nd4 Kf7 23. Nxe6 Rxe6 24. Bxe6+ Kxe6 25. Rd4 Kd7 26. Kg2 Kc7 27. f3 Ng5 28. Rh4 Re8 29. Rc2 g6 30. f4 Ne6 31. Kf2 Nd4 32. Rd2 Nf5 33. Rh3 Bc8 34. g4 Nh6 35. Rg3 Nxg4+ 36. Kg1 Bf5 37. h3 Nh6 38. Kf2 Nf7 39. Rb3 g5 40. Rd4 g4 41. h4 Bc8 42. Rdb4 Nh6 43. Rb8 Re4 44. e3 Rc4 45. Ra8 Rxc5 46. Ra7+ Kd6 47. Rh7 Rc2+ 48. Kg1 Nf5 49. Rxh5 Rc1+ 1/2-1/2

[Event "Budapest Karacsonyi op 4th"]
[Site "Budapest"]
[Date "2012.12.28"]
[Round "3"]
[White "Csabai, Viktor"]
[Black "Mihalka, Zsolt"]
[Result "0-1"]
[WhiteElo "2024"]
[BlackElo "2183"]
[PlyCount "90"]
[EventDate "2012.12.27"]
[EventType "swiss"]
[EventRounds "7"]
[EventCountry "HUN"]
[SourceTitle "EXT 2014"]
[Source "ChessBase"]
[SourceDate "2013.11.20"]
[SourceVersion "1"]
[SourceVersionDate "2013.11.20"]
[SourceQuality "1"]

1. e4 g6 2. Nc3 Bg7 3. g3 e5 4. Bg2 Nc6 5. d3 d6 6. Nge2 h5 7. h4 Be6 8. Bg5 Qd7 9. Nd5 Nce7 10. Qd2 c6 11. Nxe7 Nxe7 12. Qa5 0-0 13. Qd2 d5 14. Bh6 dxe4 15. dxe4 Rad8 16. Qxd7 Rxd7 17. Bxg7 Kxg7 18. Rd1 Rfd8 19. Rxd7 Rxd7 20. Nc1 f6 21. c3 f5 22. Ke2 Bc4+ 23. Ke3 Kf6 24. Bf3 fxe4 25. Bxe4 Nf5+ 26. Bxf5 gxf5 27. b3 Ba6 28. f3 b6 29. Rg1 c5 30. Re1 c4 31. Rg1 b5 32. b4 Bb7 33. Re1 Bc6 34. Rg1 a5 35. a3 axb4 36. axb4 Ra7 37. Rg2 Ra1 38. Rc2 Ke6 39. Ke2 f4 40. gxf4 e4 41. Ke3 exf3 42. Kf2 Kf5 43. Ke3 Kg4 44. Kd4 Kxf4 45. Kc5 Be4 0-1

[Event "Budapest Karacsonyi op 4th"]
[Site "Budapest"]
[Date "2012.12.27"]
[Round "1"]
[White "Csabai, Viktor"]
[Black "Kalman, Tamas"]
[Result "1-0"]
[WhiteElo "2024"]
[BlackElo "1575"]
[PlyCount "69"]
[EventDate "2012.12.27"]
[EventType "swiss"]
[EventRounds "7"]
[EventCountry "HUN"]
[SourceTitle "EXT 2014"]
[Source "ChessBase"]
[SourceDate "2013.11.20"]
[SourceVersion "1"]
[SourceVersionDate "2013.11.20"]
[SourceQuality "1"]

1. e4 e5 2. Nf3 Nc6 3. d4 exd4 4. Bc4 Nf6 5. 0-0 Be7 6. Re1 d6 7. Nxd4 Ne5 8. Bf1 0-0 9. Nc3 Re8 10. Nd5 Nxd5 11. exd5 Bf6 12. h3 a6 13. a4 c5 14. dxc6 bxc6 15. Bf4 Bb7 16. Rb1 g6 17. Qd2 c5 18. Nb3 Rc8 19. Rbd1 Bg7 20. Kh1 Qf6 21. Bg3 Rcd8 22. Na5 Ba8 23. b3 Qf5 24. f3 Nxf3 25. Rxe8+ Rxe8 26. Qxd6 Be5 27. Bxe5 Nxe5 28. Nc4 Qxh3+ 29. Kg1 Qh5 30. Nxe5 Qxe5 31. Qxe5 Rxe5 32. Rd8+ Kg7 33. Rxa8 Re6 34. Rxa6 Rxa6 35. Bxa6 1-0

[Event "HUN-chT2 Breyer 0607"]
[Site "Hungary"]
[Date "2007.02.18"]
[Round "5"]
[White "Csabai, Viktor"]
[Black "Vass, Viktor"]
[Result "1/2-1/2"]
[WhiteElo "1976"]
[BlackElo "2192"]
[PlyCount "44"]
[EventDate "2006.11.12"]
[EventType "team"]
[EventRounds "11"]
[EventCountry "HUN"]
[SourceTitle "EXT 2008"]
[Source "ChessBase"]
[SourceDate "2007.11.25"]
[SourceVersion "1"]
[SourceVersionDate "2007.11.25"]
[SourceQuality "1"]
[WhiteTeam "Szentendre"]
[BlackTeam "Stat PSC II"]
[WhiteTeamCountry "HUN"]
[BlackTeamCountry "HUN"]

1. e4 e5 2. Nf3 Nc6 3. d4 exd4 4. Bc4 Nf6 5. 0-0 Nxe4 6. Re1 d5 7. Bxd5 Qxd5 8. Nc3 Qa5 9. Nxe4 Be6 10. Neg5 0-0-0 11. Nxe6 fxe6 12. Rxe6 Be7 13. Qe2 Bf6 14. Bd2 Qd5 15. Qe4 Qxe4 16. Rxe4 Rd5 17. Rc1 Rhd8 18. Ne1 Ne5 19. Nd3 Nc4 20. Bb4 a5 21. Be7 Bxe7 22. Rxe7 R5d7 1/2-1/2

[Event "HUN-chT2 Breyer 0607"]
[Site "Hungary"]
[Date "2006.12.03"]
[Round "3"]
[White "Csabai, Viktor"]
[Black "Kormos, Andras"]
[Result "0-1"]
[WhiteElo "1976"]
[BlackElo "2067"]
[PlyCount "112"]
[EventDate "2006.11.12"]
[EventType "team"]
[EventRounds "11"]
[EventCountry "HUN"]
[SourceTitle "EXT 2008"]
[Source "ChessBase"]
[SourceDate "2007.11.25"]
[SourceVersion "1"]
[SourceVersionDate "2007.11.25"]
[SourceQuality "1"]
[WhiteTeam "Szentendre"]
[BlackTeam "BEAC Rufusz II"]
[WhiteTeamCountry "HUN"]
[BlackTeamCountry "HUN"]

1. e4 g6 2. d4 Bg7 3. Nc3 d6 4. Be2 Nc6 5. Nf3 e5 6. dxe5 Nxe5 7. Nxe5 Bxe5 8. Be3 Be6 9. Nd5 Nf6 10. Nxf6+ Qxf6 11. c3 c6 12. f4 Bxf4 13. Rf1 Qh4+ 14. g3 Bxg3+ 15. hxg3 Qxe4 16. Bd4 0-0 17. Bf6 Bg4 18. Rf4 Qe6 19. Kf2 Bf5 20. g4 Qxf6 21. gxf5 Qe5 22. Qd2 g5 23. Rg1 f6 24. Rf3 Rae8 25. Rh1 Re7 26. Bd3 Rfe8 27. Rfh3 b5 28. a3 a6 29. Qd1 c5 30. Qf3 c4 31. Bf1 d5 32. Bg2 Rd8 33. Rd1 a5 34. Rhh1 Kg7 35. Rhe1 Qc7 36. Rxe7+ Qxe7 37. Rxd5 Re8 38. Rd1 Qe5 39. Bh3 b4 40. axb4 axb4 41. Bf1 Re7 42. Kg2 bxc3 43. bxc3 h5 44. Bxc4 g4 45. Qd5 Kh6 46. Qxe5 Rxe5 47. Bd3 h4 48. c4 Kg5 49. Rc1 h3+ 50. Kh1 Re3 51. Bb1 g3 52. c5 Kg4 53. c6 h2 54. Ba2 Rd3 55. c7 Kh3 56. Bd5 Rxd5 0-1

[Event "HUN-chT2 Charousek 0506"]
[Site "Hungary"]
[Date "2006.04.09"]
[Round "10"]
[White "Csabai, Viktor"]
[Black "Csiszar, Zoltan"]
[Result "0-1"]
[WhiteElo "1821"]
[BlackElo "2246"]
[PlyCount "46"]
[EventDate "2005.10.16"]
[EventType "team"]
[EventRounds "11"]
[EventCountry "HUN"]
[SourceTitle "EXT 2009"]
[Source "ChessBase"]
[SourceDate "2008.11.26"]
[SourceVersion "1"]
[SourceVersionDate "2008.11.26"]
[SourceQuality "1"]
[WhiteTeam "Szentendre"]
[BlackTeam "Csuti II"]
[WhiteTeamCountry "HUN"]
[BlackTeamCountry "HUN"]

1. e4 c6 2. d4 d5 3. exd5 cxd5 4. c4 Nf6 5. Nc3 e6 6. Nf3 Bb4 7. Bd2 0-0 8. Bd3 dxc4 9. Bxc4 Bd7 10. 0-0 Bc6 11. a3 Be7 12. Bg5 Nbd7 13. Ne5 Nb6 14. Nxc6 bxc6 15. Bd3 Qd7 16. Re1 Rfd8 17. Qf3 Nbd5 18. Qh3 g6 19. Bc4 Nxc3 20. Rxe6 Ncd5 21. Rxe7 Qxe7 22. Qh4 Re8 23. f3 Qd6 0-1

[Event "HUN-chT2 Charousek 0506"]
[Site "Hungary"]
[Date "2006.02.26"]
[Round "8"]
[White "Nagy, Lajos1111"]
[Black "Csabai, Viktor"]
[Result "0-1"]
[WhiteElo "2000"]
[BlackElo "1821"]
[PlyCount "156"]
[EventDate "2005.10.16"]
[EventType "team"]
[EventRounds "11"]
[EventCountry "HUN"]
[SourceTitle "EXT 2009"]
[Source "ChessBase"]
[SourceDate "2008.11.26"]
[SourceVersion "1"]
[SourceVersionDate "2008.11.26"]
[SourceQuality "1"]
[WhiteTeam "Paks II"]
[BlackTeam "Szentendre"]
[WhiteTeamCountry "HUN"]
[BlackTeamCountry "HUN"]

1. e4 d6 2. d4 Nf6 3. Nc3 g6 4. Be3 c6 5. f3 Bg7 6. Qd2 Qa5 7. 0-0-0 b5 8. Kb1 Nbd7 9. Bh6 Bxh6 10. Qxh6 Nb6 11. Nh3 Bxh3 12. Qxh3 Nc4 13. Bxc4 bxc4 14. Qh6 Rb8 15. Ka1 Rxb2 16. Kxb2 Qb4+ 17. Kc1 Qxc3 18. Rhe1 Qa1+ 19. Kd2 Qxd4+ 20. Ke2 Qc3 21. Rd2 Nd7 22. Rb1 Nb6 23. Qe3 Qxe3+ 24. Kxe3 Kd7 25. a4 Nxa4 26. Ra1 Nc5 27. Rxa7+ Ke6 28. Kd4 Nd7 29. Kxc4 Ne5+ 30. Kc3 g5 31. h3 c5 32. Rd1 Rb8 33. Rda1 h5 34. Rc7 Rb6 35. Raa7 Ng6 36. g3 Ke5 37. Kd3 Rb1 38. Ke3 Re1+ 39. Kf2 Rc1 40. Ra2 Kd4 41. Rca7 Rh1 42. R7a4+ c4 43. Kg2 Rd1 44. Ra5 Rd2+ 45. Kf1 c3 46. Rxg5 Ke3 47. Rd5 Rxd5 48. exd5 Kxf3 49. Ra3 Kxg3 50. Rxc3+ Kf4 51. Kf2 Ke4 52. Rd3 Nf4 53. Rf3 f5 54. c4 Nd3+ 55. Ke2 Ne5 56. Ra3 Nxc4 57. Ra7 Kxd5 58. Rxe7 Ne5 59. Ra7 Ng6 60. Rh7 Nf4+ 61. Kf3 Ke5 62. Rh8 d5 63. Re8+ Ne6 64. Rh8 Ng5+ 65. Kg3 Ne4+ 66. Kh4 Nf6 67. Kg5 f4 68. Rh6 Ne4+ 69. Kxh5 f3 70. Kg4 f2 71. Rh5+ Kd4 72. Rf5 Ke3 73. h4 d4 74. h5 d3 75. Rf3+ Ke2 76. h6 f1Q 77. Rxf1 Kxf1 78. h7 Nf6+ 0-1

[Event "HUN-chT2 Charousek 0506"]
[Site "Hungary"]
[Date "2006.02.12"]
[Round "7"]
[White "Radnai, Adam"]
[Black "Csabai, Viktor"]
[Result "1-0"]
[WhiteElo "2198"]
[BlackElo "1821"]
[PlyCount "55"]
[EventDate "2005.10.16"]
[EventType "team"]
[EventRounds "11"]
[EventCountry "HUN"]
[SourceTitle "EXT 2009"]
[Source "ChessBase"]
[SourceDate "2008.11.26"]
[SourceVersion "1"]
[SourceVersionDate "2008.11.26"]
[SourceQuality "1"]
[WhiteTeam "BEAC"]
[BlackTeam "Szentendre"]
[WhiteTeamCountry "HUN"]
[BlackTeamCountry "HUN"]

1. e4 d6 2. d4 Nf6 3. Nc3 g6 4. f3 c6 5. Be3 Bg7 6. Qd2 Qa5 7. Nge2 Nbd7 8. g4 b5 9. g5 Ng8 10. f4 Nb6 11. b3 f5 12. gxf6 Nxf6 13. Bg2 Be6 14. 0-0 Ng4 15. f5 Bc4 16. h3 Nxe3 17. Qxe3 b4 18. e5 0-0 19. fxg6 bxc3 20. bxc4 Nxc4 21. gxh7+ Kh8 22. Qd3 Nb2 23. Qg6 dxe5 24. Ng3 exd4 25. Nh5 Be5 26. Bxc6 Rad8 27. Qh6 Bf6 28. Rxf6 1-0

[Event "HUN-chT2 Breyer 0203"]
[Site "Hungary"]
[Date "2003.04.13"]
[Round "11"]
[White "Csabai, Viktor"]
[Black "Fasi, Lajos"]
[Result "1/2-1/2"]
[WhiteElo "1986"]
[BlackElo "1811"]
[PlyCount "20"]
[EventDate "2002.09.22"]
[EventType "team"]
[EventRounds "11"]
[EventCountry "HUN"]
[SourceTitle "EXT 2009"]
[Source "ChessBase"]
[SourceDate "2008.11.26"]
[SourceVersion "1"]
[SourceVersionDate "2008.11.26"]
[SourceQuality "1"]

1. c4 Nf6 2. Nc3 g6 3. g3 Bg7 4. Bg2 d6 5. Nf3 e5 6. d3 c6 7. 0-0 0-0 8. Rb1 h6 9. b4 a6 10. a4 Re8 1/2-1/2

[Event "HUN-chT2 Breyer 0203"]
[Site "Hungary"]
[Date "2003.04.06"]
[Round "10"]
[White "Pinter, Alexandra"]
[Black "Csabai, Viktor"]
[Result "0-1"]
[WhiteElo "1580"]
[BlackElo "1811"]
[PlyCount "64"]
[EventDate "2002.09.22"]
[EventType "team"]
[EventRounds "11"]
[EventCountry "HUN"]
[SourceTitle "EXT 2009"]
[Source "ChessBase"]
[SourceDate "2008.11.26"]
[SourceVersion "1"]
[SourceVersionDate "2008.11.26"]
[SourceQuality "1"]

1. e4 d5 2. exd5 Qxd5 3. Nc3 Qa5 4. d4 Nf6 5. Nf3 Bg4 6. Bc4 e6 7. 0-0 c6 8. Qe2 Bd6 9. Ne4 Nxe4 10. Qxe4 Bf5 11. Qe2 0-0 12. Nh4 Nd7 13. Nxf5 Qxf5 14. Bd3 Qf6 15. Qh5 h6 16. c3 Bf4 17. Re1 g6 18. Qh3 Rad8 19. Re4 Bxc1 20. Rxc1 Qg7 21. Rce1 c5 22. Rh4 h5 23. Re3 cxd4 24. cxd4 Nf6 25. Re5 Ng4 26. Re2 Qxd4 27. Rd2 Rc8 28. g3 Rc1+ 29. Kg2 Qd5+ 30. f3 Qd4 31. fxg4 Qe3 32. Rc2 Rg1# 0-1

[Event "HUN-chT2 Breyer 0203"]
[Site "Hungary"]
[Date "2003.03.23"]
[Round "9"]
[White "Kiss, Istvan"]
[Black "Csabai, Viktor"]
[Result "0-1"]
[WhiteElo "1948"]
[BlackElo "1811"]
[PlyCount "52"]
[EventDate "2002.09.22"]
[EventType "team"]
[EventRounds "11"]
[EventCountry "HUN"]
[SourceTitle "EXT 2009"]
[Source "ChessBase"]
[SourceDate "2008.11.26"]
[SourceVersion "1"]
[SourceVersionDate "2008.11.26"]
[SourceQuality "1"]

1. e4 d5 2. exd5 Qxd5 3. Nc3 Qa5 4. Nf3 Bg4 5. Be2 Nf6 6. 0-0 e6 7. Re1 c6 8. Nd4 Qc5 9. Nb3 Qh5 10. Bxg4 Qxg4 11. f3 Qf5 12. d4 Nbd7 13. Ne4 Be7 14. Qe2 0-0 15. Ng3 Qg6 16. Bf4 Nd5 17. Be3 Nxe3 18. Qxe3 Qxc2 19. Re2 Qg6 20. f4 Bd6 21. Rf1 Qh6 22. Ne4 Bc7 23. Rf3 Nf6 24. Ng5 Ng4 25. Rh3 Nxe3 26. Rxh6 gxh6 0-1